000 00661nas a22001937a 4500
003 NALT
005 20210714145156.0
008 170828b th ||||| |||| 00| 0 tha d
022 _a19066481
040 _aNALT
041 0 _atha
245 1 0 _aหนีกรุงไปปรุงฝัน
260 3 _aกรุงเทพฯ :
_bบริษัท หนีกรุง คอนเน็ค จำกัด
310 _aรายเดือน
500 _aหยุดผลิตฉบับพิมพ์หลังเดือนมกราคม 2562
850 _aNALT
942 _cJNR
_05
_2lcc
998 _b34
_d2017-05-26 09:57:55.073
_j755
_k จินตนา เอี่ยมคง
999 _c92017
_d92017